000 01402nam a2200385 i 4500
001 53914
003 KOSZ 005
005 20220406101904.0
008 991013s1999 pl a f f |000 0 pol
015 _aPB 1999/15793
020 _a8320424518
040 _aWA N
_cWA N
_dKOSZ 005/HR
041 1 _apol
_heng
046 _k1979
080 _a53
080 _a(075.8)
100 1 _aOrear, Jay
_d(1925- )
_eAutor
245 1 0 _aFizyka.
_nT. 1 /
_cJay Orear ; przekł. z ang. [Barbara Wojtowicz-Natanson et al.].
246 1 _iTyt. oryg.:
_aPhysics,
_f1979.
250 _aWyd. 6.
260 _aWarszawa :
_bWydawnictwa Naukowo-Techniczne,
_c[1999].
300 _a352 s. :
_b1 il., fot., 2 portr., rys., wykr. ;
_c24 cm.
380 _aKsiążki
380 _aPublikacje dydaktyczne
385 _mPoziom nauczania
_aSzkoły wyższe
388 _a1901-2000
521 8 _aDla studentów wydz. technicznych i przyrodniczych, pomoc dla nauczycieli i uczniów szkół średnich profilu matematyczno-fizycznego.
650 4 _aFizyka
655 4 _aPodręczniki akademickie
658 _aFizyka i astronomia
700 1 _aWojtowicz-Natanson, Barbara
_d(1924-2015)
_eTłumaczenie
710 2 _aWydawnictwa Naukowo-Techniczne
_4pbl.
856 _uhttp://koha.tu.koszalin.pl/cgi-bin/koha/opac-detail.pl?biblionumber=53914
_yKatalog online BPK
942 _2UKD
_cKS
999 _c53914
_d53914